000 00831nam a2200253 a 4500
001 56753
003 BD-RJUL
005 20211209080429.0
008 161204s1952 enk 001 0deng d
035 _aCURL 020000275686(Edi) from sempc731
035 _aBD-RjUL56877
040 _aBD-RjUL
_beng
_cBD-RjUL
041 _aeng
082 _a109
_223
_bBRE 1952
100 1 _aBroad, C. D.
_q(Charlie Dunbar),
_d1887-1971.
_9168769
245 1 0 _aEthics and the history of philosophy :
_bselected essays /
_cby C.D. Broad.
260 _aLondon :
_bRoutledge & Kegan Paul,
_c1952.
300 _axiii, 274 p. ;
_c22 cm.
500 _aIncludes indexes.
650 0 _aPhilosophy
_xHistory.
_9168770
830 0 _aInternational library of psychology, philosophy, and scientific method.
_9168772
942 _2ddc
_cBK
999 _c56753
_d56753